000 01426cam a22003131 4500
001 l 39000034
003 DLC
005 20260227111536.0
008 800620s1939 dcua f000 0 eng c
010 _al 39000034
035 _a(OCoLC)6445330
040 _aU.S. Dept. of Labor. Libr.
_cWMUW
_dWMUW
_dOCoLC
_dDLC
050 0 0 _aHD8051
_b.A62 no. 642
082 _a331.06173
110 1 _aUnited States.
_bBureau of Labor Statistics.
245 1 0 _aFamily income and expenditure in Chicago, 1935-36.
_cPrepared by A. D. H. Kaplan and Faith M. Williams assisted by Erika H. Wulff.
260 _aWashington,
_bU.S. Govt. Print. Off.,
_c1939.
300 _a2 v.
_btables, diagrs.
_c23 cm.
490 0 _aU. S. Bureau of Labor Statistics. Bulletin
_vno. 642
500 _aAt head of title: United States Department of Labor. Frances Perkins, Secretary. Bureau of Labor Statistics. Isador Lubin, Commissioner. In cooperation with Works Progress Administration.
500 _aStudy of consumer purchases: urban series [no. 1]
505 0 _av. 1. Family income.--v. 2. Family expenditure.
650 0 _aIncome
_zIllinois
_zChicago.
650 0 _aCost and standard of living
_zIllinois
_zChicago.
700 1 _aKaplan, A. D. H.
_q(Abraham David Hannath),
_d1893-
700 1 _aWilliams, Faith M.
_q(Faith Moors),
_d1893-
700 1 _aWulff, Mrs. Erika Hartmann.
710 1 _aUnited States.
_bWork Projects Administration.
999 _c36287
_d36287